Normal view
MARC view
- Soviet Occupation of Afghanistan (1979-1989)
Entry Topical Term
001 - CONTROL NUMBER
- control field: 91049
003 - CONTROL NUMBER IDENTIFIER
- control field: NUST
005 - DATE AND TIME OF LATEST TRANSACTION
- control field: 20220420100823.0
008 - FIXED-LENGTH DATA ELEMENTS
- fixed length control field: 220420|| aca||aabn | a|a d
040 ## - CATALOGING SOURCE
- Original cataloging agency: NUST
- Transcribing agency: NUST
150 ## - HEADING--TOPICAL TERM
- Topical term or geographic name entry element: Soviet Occupation of Afghanistan (1979-1989)
670 ## - SOURCE DATA FOUND
- Source citation: Work cat.: (NUST): Feifer, Gregory 91048, The great gamble : , 2009
